[Event "Charlotte Super Swiss"]
[Site "Charlotte USA"]
[Date "2023.07.13"]
[Round "9"]
[White "Naroditsky, Daniel"]
[Black "Atanasov, Anthony"]
[Result "1-0"]
[WhiteElo "2619"]
[BlackElo "2367"]
[PlyCount "93"]
[EventDate "2023.07.09"]
[EventType "swiss"]
[EventRounds "9"]
[EventCountry "USA"]
[Source "ChessMix"]
[SourceDate "2023.07.20"]
[TimeControl "5400+30"]

1. Nf3 {[%emt 0:02:01]} d5 {[%emt 0:00:26]} 2. e3 {[%emt 0:00:36]} e6 {
[%emt 0:00:46]} 3. d4 {[%emt 0:00:43]} Nf6 {[%emt 0:00:21]} 4. Nbd2 {
[%emt 0:00:31]} b6 {[%emt 0:01:18]} 5. b3 {[%emt 0:01:21]} Bb7 {[%emt 0:04:09]}
6. Bd3 {[%emt 0:00:10]} Bd6 {[%emt 0:00:29]} 7. Bb2 {[%emt 0:00:14]} O-O {
[%emt 0:03:39]} 8. O-O {[%emt 0:00:28]} Qe7 {[%emt 0:00:57]} 9. a3 {
[%emt 0:02:49]} Ne4 {[%emt 0:00:31]} 10. c4 {[%emt 0:02:18]} Nxd2 {
[%emt 0:02:03]} 11. Nxd2 {[%emt 0:02:56]} Nd7 {[%emt 0:01:12]} 12. b4 {
[%emt 0:08:57]} c5 {[%emt 0:05:05]} 13. cxd5 {[%emt 0:03:36]} exd5 {
[%emt 0:04:18]} 14. dxc5 {[%emt 0:03:25]} bxc5 {[%emt 0:00:05]} 15. bxc5 {
[%emt 0:01:27]} Nxc5 {[%emt 0:01:10]} 16. Qg4 {[%emt 0:03:28]} f6 {
[%emt 0:00:26]} 17. Bf5 {[%emt 0:00:38]} Bc8 {[%emt 0:05:21]} 18. Nf3 {
[%emt 0:08:02]} Bxf5 {[%emt 0:02:37]} 19. Qxf5 {[%emt 0:00:02]} Qe4 {
[%emt 0:00:55]} 20. Qh5 {[%emt 0:00:01]} Nd3 {[%emt 0:06:39]} 21. Bd4 {
[%emt 0:00:28]} Ne5 {[%emt 0:02:03]} 22. Rfd1 {[%emt 0:00:53]} Nxf3+ {
[%emt 0:05:44]} 23. gxf3 {[%emt 0:01:08]} Qg6+ {[%emt 0:03:17]} 24. Qxg6 {
[%emt 0:02:51]} hxg6 {[%emt 0:00:07]} 25. a4 {[%emt 0:01:55]} Kf7 {
[%emt 0:03:07]} 26. Rab1 {[%emt 0:00:47]} Rfb8 {[%emt 0:01:48]} 27. a5 {
[%emt 0:03:31]} a6 {[%emt 0:06:09]} 28. Bb6 {[%emt 0:02:37]} Ke6 {
[%emt 0:00:49]} 29. Rb3 {[%emt 0:01:23]} Rh8 {[%emt 0:03:09]} 30. Rbd3 {
[%emt 0:00:09]} Bxh2+ {[%emt 0:03:49]} 31. Kg2 {[%emt 0:00:27]} g5 {
[%emt 0:04:20]} 32. Rxd5 {[%emt 0:01:17]} Be5 {[%emt 0:00:02]} 33. Kg1 {
[%emt 0:02:03]} Rh3 {[%emt 0:04:17]} 34. Rd8 {[%emt 0:00:09]} Rh8 {
[%emt 0:04:17]} 35. R8d7 {[%emt 0:00:14]} f5 {[%emt 0:02:57]} 36. Bd8 {
[%emt 0:00:57]} Rf8 {[%emt 0:10:28]} 37. Re7+ {[%emt 0:03:41]} Kf6 {
[%emt 0:00:02]} 38. Re8+ {[%emt 0:00:05]} Kf7 {[%emt 0:00:04]} 39. Rxe5 {
[%emt 0:00:04]} Raxd8 {[%emt 0:00:48]} 40. Rxd8 {[%emt 0:00:05]} Rxd8 {
[%emt 0:00:04]} 41. Rxf5+ {[%emt 0:00:05]} Kg6 {[%emt 0:00:06]} 42. Rc5 {
[%emt 0:00:27]} Rd6 {[%emt 0:01:20]} 43. Kg2 {[%emt 0:00:06]} Kf6 {
[%emt 0:02:35]} 44. Kg3 {[%emt 0:00:13]} g6 {[%emt 0:00:56]} 45. Kg4 {
[%emt 0:00:22]} Rd2 {[%emt 0:00:17]} 46. Rc6+ {[%emt 0:00:06]} Kf7 {
[%emt 0:00:03]} 47. Kg3 {[%emt 0:00:11]} 1-0

[Event "Transnational Crown"]
[Site "Montreal CAN"]
[Date "2023.06.06"]
[Round "1.5"]
[White "Atanasov, Anthony"]
[Black "Meshkovs, Nikita"]
[Result "0-1"]
[WhiteElo "2367"]
[BlackElo "2573"]
[PlyCount "86"]
[EventDate "2023.06.06"]
[EventType "swiss"]
[EventRounds "9"]
[EventCountry "CAN"]

1. d4 Nf6 2. Nf3 e6 3. Bf4 c5 4. e3 Nc6 5. Nbd2 d5 6. c3 Nh5 7. Be5 f6 8. Bg3
g6 9. Bd3 Be7 10. dxc5 Bxc5 11. e4 O-O 12. exd5 exd5 13. O-O Nxg3 14. hxg3 Bb6
15. Nb3 Be6 16. Nbd4 Bf7 17. Re1 Qd6 18. a4 Nxd4 19. Nxd4 Bxd4 20. cxd4 Qb4 21.
Bc2 Rfe8 22. Rxe8+ Rxe8 23. b3 Qc3 24. Kh2 Kg7 25. Kg1 Re6 26. Kh2 a5 27. Ra2
Rb6 28. Qa1 Qd2 29. f4 Qe3 30. Qg1 Qxg1+ 31. Kxg1 Rb4 32. Ra1 Rxd4 33. Rd1
Rxd1+ 34. Bxd1 d4 35. Kf2 Bd5 36. Ke2 Be4 37. Kd2 Kf7 38. Be2 Ke6 39. Bc4+ Kd6
40. Bg8 g5 41. fxg5 fxg5 42. g4 h6 43. g3 Bd5 0-1

[Event "Transnational Crown"]
[Site "Montreal CAN"]
[Date "2023.06.07"]
[Round "2.17"]
[White "Cervantes Landeiro, Thalia"]
[Black "Atanasov, Anthony"]
[Result "1-0"]
[WhiteElo "2271"]
[BlackElo "2367"]
[PlyCount "113"]
[EventDate "2023.06.06"]
[EventType "swiss"]
[EventRounds "9"]
[EventCountry "CAN"]

1. d4 Nf6 2. c4 g6 3. Nc3 d5 4. cxd5 Nxd5 5. e4 Nxc3 6. bxc3 Bg7 7. Bb5+ c6 8.
Ba4 O-O 9. Ne2 Nd7 10. O-O c5 11. Be3 a6 12. Bb3 b5 13. dxc5 Bb7 14. Bd5 Bxd5
15. exd5 Rc8 16. Nd4 Nxc5 17. Nc6 Qd6 18. Qg4 Rfe8 19. Rad1 f5 20. Qb4 Na4 21.
Bg5 Rxc6 22. dxc6 Qxc6 23. Bxe7 Nxc3 24. Rd6 Qc4 25. Qxc4+ bxc4 26. Re1 Bf8 27.
Rd8 Rxd8 28. Bxd8 Nxa2 29. Ra1 Nc3 30. Rxa6 Nd5 31. Rc6 c3 32. Ba5 Bg7 33. Rc5
Nf4 34. Kf1 Ne6 35. Rc8+ Kf7 36. Bxc3 Bf8 37. Rb8 g5 38. Rb7+ Kg6 39. f3 h5 40.
g3 g4 41. Rb6 Kf7 42. f4 Bc5 43. Ra6 Bf8 44. Ra5 Kg6 45. Re5 Kf6 46. Bb2 Be7
47. Ke2 h4 48. Kd3 h3 49. Kc4 Bf8 50. Kd5 Nc7+ 51. Kc6 Ne6 52. Kd7 Ng7 53. Re8+
Kf7 54. Rxf8+ Kxf8 55. Bxg7+ Kxg7 56. Ke6 Kg6 57. Ke5 1-0

[Event "Transnational Crown"]
[Site "Montreal CAN"]
[Date "2023.06.08"]
[Round "3.23"]
[White "Atanasov, Anthony"]
[Black "Hernandez Moya, Yuleisy"]
[Result "1-0"]
[WhiteElo "2367"]
[BlackElo "2202"]
[PlyCount "77"]
[EventDate "2023.06.06"]
[EventType "swiss"]
[EventRounds "9"]
[EventCountry "CAN"]

1. d4 f5 2. Bg5 g6 3. e3 Nh6 4. h4 Nf7 5. Nc3 h6 6. Bf4 d6 7. g4 fxg4 8. Bd3 e5
9. Bg3 Rg8 10. h5 gxh5 11. Bc4 Nc6 12. dxe5 dxe5 13. Qxd8+ Ncxd8 14. Nd5 Bd6
15. Nf6+ Kf8 16. Nxg8 Kxg8 17. Rxh5 Kg7 18. O-O-O Be6 19. Bxe6 Nxe6 20. Rh4 h5
21. Rxh5 Kg6 22. Rh4 Kf5 23. f3 gxf3 24. e4+ Kf6 25. Nxf3 Neg5 26. Rf1 Ke6 27.
Nxg5+ Nxg5 28. Rg4 Nh3 29. Rg6+ Ke7 30. Rf5 Nf4 31. Bxf4 exf4 32. c4 b6 33. e5
Bc5 34. Kc2 Be3 35. e6 Rh8 36. Kd3 Rh2 37. Rf7+ Kd6 38. e7+ Kd7 39. Rg8 1-0

[Event "Transnational Crown"]
[Site "Montreal CAN"]
[Date "2023.06.09"]
[Round "4.20"]
[White "Lawson, Eric"]
[Black "Atanasov, Anthony"]
[Result "0-1"]
[WhiteElo "2217"]
[BlackElo "2367"]
[PlyCount "108"]
[EventDate "2023.06.06"]
[EventType "swiss"]
[EventRounds "9"]
[EventCountry "CAN"]

1. e4 e5 2. Nf3 Nf6 3. d4 Nxe4 4. Bd3 d5 5. Nxe5 Nd7 6. Nc3 Nxe5 7. dxe5 Bb4 8.
O-O Nxc3 9. bxc3 Bxc3 10. Rb1 O-O 11. Bxh7+ Kxh7 12. Qd3+ Kg8 13. Qxc3 a5 14.
Qg3 Ra6 15. Bg5 Qd7 16. f4 Qf5 17. Rb3 Rg6 18. Qf2 b6 19. h3 f6 20. exf6 gxf6
21. Bh4 Re8 22. Kh2 Ba6 23. Re1 Rxe1 24. Qxe1 Qxf4+ 25. Bg3 Qg5 26. h4 Qg4 27.
Re3 Bb5 28. Re7 Bd7 29. Qf2 Kf8 30. Re3 c5 31. Rb3 Qe6 32. Bc7 Qc6 33. Bxb6 d4
34. Bxa5 Qd6+ 35. Rg3 Rg4 36. Be1 Rxh4+ 37. Kg1 Rf4 38. Qe2 Qe5 39. Qxe5 fxe5
40. Rg5 Rf5 41. Rxf5+ Bxf5 42. Bg3 Ke7 43. Bxe5 Ke6 44. Bg7 Bxc2 45. Kf2 Kd5
46. Ke1 c4 47. Kd2 Bb1 48. a4 c3+ 49. Kc1 Be4 50. g3 Kc4 51. Bh6 d3 52. Be3 Bf3
53. a5 Kb5 54. Bf2 d2+ 0-1

[Event "Transnational Crown"]
[Site "Montreal CAN"]
[Date "2023.06.09"]
[Round "5.14"]
[White "Atanasov, Anthony"]
[Black "Cruz, Cristhian"]
[Result "1/2-1/2"]
[WhiteElo "2367"]
[BlackElo "2522"]
[PlyCount "121"]
[EventDate "2023.06.06"]
[EventType "swiss"]
[EventRounds "9"]
[EventCountry "CAN"]

1. d4 e6 2. Bf4 b6 3. e4 Bb7 4. Bd3 Nf6 5. Qe2 Be7 6. Nd2 c5 7. d5 d6 8. c4 O-O
9. Ngf3 e5 10. Nxe5 dxe5 11. Bxe5 Re8 12. f4 Nbd7 13. Bc3 b5 14. O-O Bd6 15.
Qf3 b4 16. Bxf6 Qxf6 17. e5 Nxe5 18. fxe5 Bxe5 19. Qxf6 Bxf6 20. Rxf6 gxf6 21.
Ne4 Kg7 22. Nd6 Reb8 23. Re1 Ba6 24. Re7 Rf8 25. Kf2 f5 26. Rc7 Bc8 27. Rxc5
Kf6 28. Rc7 a5 29. c5 Ke5 30. Be2 Ba6 31. Bf3 a4 32. Ke3 a3 33. b3 f4+ 34. Kd2
Kd4 35. Nf5+ Ke5 36. Ne7 Bb5 37. d6 Rab8 38. Bc6 Ke6 39. Bxb5 Rxb5 40. Nc8 Rg8
41. d7 Rxc5 42. Rxc5 Rxg2+ 43. Kd3 Kxd7 44. Nb6+ Ke6 45. Rc2 f3 46. Nc4 f2 47.
Re2+ Kd7 48. Nd2 Rxh2 49. Ke3 Kc6 50. Rxf2 Rxf2 51. Kxf2 Kd5 52. Ke3 f5 53. Nf3
h5 54. Kf4 h4 55. Nxh4 Kd4 56. Nxf5+ Kc3 57. Ke3 Kb2 58. Kd2 Kxa2 59. Kc2 Ka1
60. Kc1 a2 61. Nd4 1/2-1/2

[Event "Transnational Crown"]
[Site "Montreal CAN"]
[Date "2023.06.10"]
[Round "6.15"]
[White "Vettese, Nicholas"]
[Black "Atanasov, Anthony"]
[Result "0-1"]
[WhiteElo "2283"]
[BlackElo "2367"]
[PlyCount "82"]
[EventDate "2023.06.06"]
[EventType "swiss"]
[EventRounds "9"]
[EventCountry "CAN"]

1. e4 e5 2. Nf3 Nf6 3. Nxe5 d6 4. Nf3 Nxe4 5. d4 d5 6. Bd3 Bd6 7. O-O O-O 8. c4
c6 9. Qc2 h6 10. Re1 Be6 11. b3 f5 12. Ba3 Bxa3 13. Nxa3 Qa5 14. Qb2 Nd7 15.
Nc2 Rae8 16. c5 Bf7 17. b4 Qc7 18. Ne5 Nxe5 19. dxe5 Rxe5 20. f3 Rfe8 21. fxe4
dxe4 22. Bf1 f4 23. Qd4 Rd5 24. Qc3 Rg5 25. Bc4 Kh7 26. Bxf7 Qxf7 27. Rf1 Rd8
28. Kh1 Rd3 29. Qe1 Qg6 30. Qf2 f3 31. Ne1 Rc3 32. gxf3 e3 33. Qb2 Rc4 34. Qe2
Rxb4 35. Qxe3 Rb2 36. Qf4 Rf2 37. Nd3 Rxf1+ 38. Rxf1 Qxd3 39. Rg1 Rf5 40. Qd6
Qxf3+ 41. Rg2 Rg5 0-1

[Event "Transnational Crown"]
[Site "Montreal CAN"]
[Date "2023.06.10"]
[Round "7.11"]
[White "Atanasov, Anthony"]
[Black "Moradiabadi, Elshan"]
[Result "0-1"]
[WhiteElo "2367"]
[BlackElo "2520"]
[PlyCount "108"]
[EventDate "2023.06.06"]
[EventType "swiss"]
[EventRounds "9"]
[EventCountry "CAN"]

1. d4 e6 2. Bf4 f5 3. e3 Nf6 4. a3 Be7 5. c4 d6 6. Nc3 O-O 7. Bd3 Nbd7 8. Nf3
Qe8 9. h3 Bd8 10. Bh2 b6 11. e4 Bb7 12. Qe2 Qg6 13. Nd2 fxe4 14. Ncxe4 Qxg2 15.
O-O-O Nxe4 16. Nxe4 Qf3 17. Qc2 d5 18. Nc3 Qxf2 19. Bxh7+ Kh8 20. Rhe1 Qxc2+
21. Bxc2 Rf2 22. Bg1 Rf3 23. Rxe6 Bg5+ 24. Kb1 dxc4 25. Be4 Bxe4+ 26. Nxe4 Bf4
27. d5 Nf8 28. Re7 Ng6 29. Rf7 Re8 30. Nc3 Re7 31. Rxe7 Nxe7 32. Re1 Nf5 33.
Ka2 Kh7 34. Re4 Nd6 35. Re7 Rf1 36. Ne2 Bg5 37. Rxc7 Re1 38. h4 Bxh4 39. Bh2
Rxe2 40. Bxd6 Bf6 41. Kb1 Rxb2+ 42. Kc1 Rb5 43. Rxc4 Rxd5 44. Bb8 a6 45. Ba7 b5
46. Rc6 a5 47. Kc2 Kg6 48. Bc5 a4 49. Bf8 Kf5 50. Rc7 g5 51. Rf7 Kg6 52. Rc7 g4
53. Kb1 g3 54. Bc5 Bd4 0-1

[Event "Transnational Crown"]
[Site "Montreal CAN"]
[Date "2023.06.11"]
[Round "8.15"]
[White "Korley, Kassa"]
[Black "Atanasov, Anthony"]
[Result "1-0"]
[WhiteElo "2461"]
[BlackElo "2367"]
[PlyCount "77"]
[EventDate "2023.06.06"]
[EventType "swiss"]
[EventRounds "9"]
[EventCountry "CAN"]

1. Nf3 d5 2. d4 Bf5 3. c4 e6 4. Nc3 Nf6 5. Bg5 c6 6. Qb3 Qb6 7. c5 Qc7 8. e3 h6
9. Bf4 Qc8 10. Be2 Nbd7 11. O-O Be7 12. Rfc1 g5 13. Bg3 Ne4 14. Nxe4 Bxe4 15.
Nd2 Bg6 16. Bd3 Bxd3 17. Qxd3 f5 18. b4 a6 19. a4 O-O 20. Nf3 Kg7 21. Rab1 h5
22. h4 g4 23. Ng5 Bxg5 24. hxg5 Kg6 25. Bf4 Ra7 26. f3 b5 27. cxb6 Nxb6 28. b5
axb5 29. axb5 Nc4 30. b6 Rb7 31. Rxc4 dxc4 32. Qxc4 Qd7 33. Qc5 Ra8 34. Rc1 Rc8
35. fxg4 hxg4 36. Kf2 Qh7 37. Qe5 Qh4+ 38. Bg3 Qh8 39. Qxe6+ 1-0

[Event "Transnational Crown"]
[Site "Montreal CAN"]
[Date "2023.06.11"]
[Round "9.17"]
[White "Atanasov, Anthony"]
[Black "Kantane, Anna"]
[Result "1-0"]
[WhiteElo "2367"]
[BlackElo "2260"]
[PlyCount "91"]
[EventDate "2023.06.06"]
[EventType "swiss"]
[EventRounds "9"]
[EventCountry "CAN"]

1. d4 Nf6 2. Nf3 g6 3. c4 c5 4. dxc5 Qa5+ 5. Nc3 Qxc5 6. e4 Bg7 7. Be3 Qa5 8.
Bd3 Nc6 9. O-O d6 10. h3 O-O 11. a3 Be6 12. b4 Qd8 13. Rc1 Nd7 14. Ng5 a5 15.
Nxe6 fxe6 16. Qb3 Nd4 17. Qb1 e5 18. Rfd1 e6 19. Nb5 Nb8 20. c5 axb4 21. Nxd6
bxa3 22. Bxd4 exd4 23. Qxb7 Na6 24. Bxa6 Qh4 25. Bc4 Qxf2+ 26. Kh1 h5 27. Bxe6+
Kh8 28. c6 d3 29. Nf7+ Kh7 30. e5 Rab8 31. Qd7 Rb2 32. Bd5 d2 33. Ra1 a2 34.
Ng5+ Kh6 35. Nf7+ Kh7 36. Ng5+ Kh6 37. Ne6 Rf7 38. Nxg7 Rxd7 39. cxd7 Rb1 40.
d8=Q Rxd1+ 41. Rxd1 Qe1+ 42. Kh2 Qxe5+ 43. g3 Qe2+ 44. Bg2 Kxg7 45. Qd4+ Kh7
46. Kg1 1-0

[Event "Transnational Rapid"]
[Site "Toronto CAN"]
[Date "2023.06.03"]
[Round "2.5"]
[White "Atanasov, Anthony"]
[Black "Noritsyn, Nikolay"]
[Result "0-1"]
[WhiteElo "2367"]
[BlackElo "2462"]
[PlyCount "93"]
[EventDate "2023.06.03"]
[EventType "swiss (rapid)"]
[EventRounds "11"]
[EventCountry "CAN"]
[Source "Mark Crowther"]
[SourceDate "2023.06.12"]

1. d4 e6 2. Bf4 c5 3. e3 cxd4 4. exd4 Nf6 5. Nf3 Be7 6. Bd3 b6 7. O-O Ba6 8. c4
O-O 9. d5 Re8 10. d6 Bf8 11. b4 Bb7 12. b5 Nh5 13. Be5 f6 14. Ng5 g6 15. Nxh7
fxe5 16. Bxg6 Nf4 17. Qg4 Bg7 18. Nc3 Bxg2 19. Ng5 Rf8 20. Bh7+ Kh8 21. Be4
Qxg5 22. Qxg5 Bxe4 23. Qxg7+ Kxg7 24. Nxe4 Rc8 25. Rac1 Ne2+ 26. Kg2 Nxc1 27.
Rxc1 Rf8 28. Rc3 Rf4 29. Rg3+ Kf8 30. f3 a6 31. Rh3 axb5 32. cxb5 Rxa2+ 33. Kg3
Kg8 34. Rh5 Rf5 35. Rh4 Ra3 36. Rg4+ Kf7 37. Ng5+ Rxg5 38. Rxg5 e4 39. Rh5
Rxf3+ 40. Kg4 Rf5 41. Rh8 e3 42. Rh3 Rxb5 43. Rxe3 Rd5 44. Rf3+ Kg7 45. h4 Nc6
46. Rb3 Ne5+ 47. Kf4 0-1

[Event "Titled Tuesday 2023.04.11 Late"]
[Site "chess.com INT"]
[Date "2023.04.11"]
[Round "1"]
[White "Atanasov, Anthony"]
[Black "Druzhinina, O."]
[Result "1-0"]
[WhiteElo "2368"]
[BlackElo "2245"]
[PlyCount "47"]
[EventDate "2023.04.11"]
[EventType "swiss (blitz)"]
[EventRounds "11"]
[EventCountry "NET"]
[Source "Mark Crowther"]
[SourceDate "2023.04.17"]

1. d4 Nf6 2. Nf3 g6 3. c4 Bg7 4. Nc3 d5 5. cxd5 Nxd5 6. e4 Nxc3 7. bxc3 c5 8.
Bb5+ Bd7 9. Bxd7+ Qxd7 10. O-O O-O 11. Rb1 Rd8 12. Qb3 b6 13. Be3 Qc6 14. Rfd1
c4 15. Qc2 b5 16. d5 Qd7 17. Bd4 Na6 18. Bxg7 Kxg7 19. Ne5 Qd6 20. Nc6 Rd7 21.
Rxb5 Nc7 22. e5 Nxb5 23. exd6 Nxd6 24. Qe2 1-0

[Event "Titled Tuesday 2023.04.11 Late"]
[Site "chess.com INT"]
[Date "2023.04.11"]
[Round "3"]
[White "Bornholdt, Joa Max"]
[Black "Atanasov, Anthony"]
[Result "0-1"]
[WhiteElo "2277"]
[BlackElo "2368"]
[PlyCount "80"]
[EventDate "2023.04.11"]
[EventType "swiss (blitz)"]
[EventRounds "11"]
[EventCountry "NET"]
[Source "Mark Crowther"]
[SourceDate "2023.04.17"]

1. e4 e5 2. Nf3 Nf6 3. Bc4 Nxe4 4. Nc3 Nxc3 5. dxc3 f6 6. Nh4 g6 7. f4 Nc6 8.
O-O Qe7 9. Kh1 d6 10. Qd5 Nd8 11. fxe5 dxe5 12. Be3 Be6 13. Qe4 f5 14. Qd3 Qxh4
15. Bxe6 Nxe6 16. Qd5 Kf7 17. Qxb7 Bd6 18. Rad1 Rab8 19. Qxa7 Ra8 20. Qb7 Rhb8
21. Qc6 Rxa2 22. c4 e4 23. Bg1 Rbxb2 24. c5 Rxc2 25. Qd7+ Qe7 26. Qc8 Nxc5 27.
Qh8 Rxg2 28. Qxh7+ Ke6 29. Qg8+ Kd7 30. Rxd6+ cxd6 31. Qb8 Rgb2 32. Qg8 Qh4 33.
Qf7+ Kc6 34. Qe8+ Kd5 35. Rd1+ Rd2 36. Qf7+ Ne6 37. Qb7+ Ke5 38. Qb5+ Kf6 39.
Rxd2 Rxd2 40. Qc6 Qh3 0-1

[Event "New York GM"]
[Site "New York USA"]
[Date "2023.04.05"]
[Round "1"]
[White "Corrales Jimenez, Fidel"]
[Black "Atanasov, Anthony"]
[Result "1-0"]
[WhiteElo "2489"]
[BlackElo "2368"]
[PlyCount "115"]
[EventDate "2023.04.05"]
[EventType "team"]
[EventRounds "9"]
[EventCountry "USA"]
[Source "ChessMix"]
[SourceDate "2023.04.10"]
[WhiteTeam "Team 1"]
[BlackTeam "Team 2"]

1. d4 Nf6 2. c4 g6 3. Nc3 d5 4. Bf4 Bg7 5. e3 O-O 6. Rc1 c5 7. dxc5 Be6 8. Nf3
dxc4 9. Qxd8 Rxd8 10. Ng5 Nbd7 11. Nxe6 fxe6 12. c6 bxc6 13. Bxc4 Nd5 14. Bg3
Nc5 15. Ke2 Nxc3+ 16. bxc3 Kf7 17. Rc2 Ne4 18. Rhc1 Rd7 19. f3 Nxg3+ 20. hxg3
Rb8 21. f4 Kf6 22. g4 h6 23. Rf1 e5 24. f5 e4 25. fxg6+ Kxg6 26. Bf7+ Kh7 27.
Be6 Rd6 28. Bf5+ Kg8 29. Bxe4 Bf6 30. Bd3 Kg7 31. Bc4 e6 32. Kf3 Rf8 33. Ke4
Bd8 34. Rf3 Bb6 35. Bb3 Rxf3 36. gxf3 Rd1 37. Bxe6 Re1 38. Kf5 Rxe3 39. f4 Rd3
40. c4 Rd4 41. g5 hxg5 42. Kxg5 Re4 43. Kf5 Re1 44. c5 Bd8 45. Rg2+ Kf8 46.
Rg8+ Ke7 47. Rg7+ Kf8 48. Rf7+ Ke8 49. Rxa7 Rc1 50. Bd7+ Kf8 51. Ke6 Bh4 52. f5
Re1+ 53. Kd6 Rc1 54. Be6 Be7+ 55. Rxe7 Rd1+ 56. Bd5 Rxd5+ 57. Kxc6 Rxf5 58. Re2
1-0

[Event "New York GM"]
[Site "New York USA"]
[Date "2023.04.06"]
[Round "2"]
[White "Atanasov, Anthony"]
[Black "Stearman, Josiah"]
[Result "0-1"]
[WhiteElo "2368"]
[BlackElo "2385"]
[PlyCount "78"]
[EventDate "2023.04.05"]
[EventType "team"]
[EventRounds "9"]
[EventCountry "USA"]
[Source "ChessMix"]
[SourceDate "2023.04.10"]
[WhiteTeam "Team 2"]
[BlackTeam "Team 4"]

1. d4 Nf6 2. Nf3 e6 3. Bf4 b6 4. e3 Bb7 5. Bd3 c5 6. Nbd2 Be7 7. h3 O-O 8. Qe2
d6 9. O-O Nd5 10. Bg3 Nb4 11. e4 Nxd3 12. Qxd3 d5 13. exd5 Qxd5 14. Rfe1 Nc6
15. c4 Qd7 16. d5 Rad8 17. d6 Nb4 18. Qc3 Bxd6 19. a3 Bxg3 20. axb4 cxb4 21.
Qxb4 Bd6 22. Qb3 Bc6 23. Ne4 Bf4 24. c5 Qb7 25. Qb4 a5 26. Nf6+ gxf6 27. Qxf4
Bxf3 28. gxf3 Rd5 29. Qxf6 Rf5 30. Qh6 Qxf3 31. Kh2 Qxf2+ 32. Kh1 Rf6 33. Rg1+
Rg6 34. Raf1 Qxf1 35. Qxf8+ Kxf8 36. Rxf1 bxc5 37. Ra1 Rg3 38. Rxa5 Rxh3+ 39.
Kg1 Rb3 0-1

[Event "New York GM"]
[Site "New York USA"]
[Date "2023.04.06"]
[Round "3"]
[White "Park, Evan"]
[Black "Atanasov, Anthony"]
[Result "1/2-1/2"]
[WhiteElo "2380"]
[BlackElo "2368"]
[PlyCount "56"]
[EventDate "2023.04.05"]
[EventType "team"]
[EventRounds "9"]
[EventCountry "USA"]
[Source "ChessMix"]
[SourceDate "2023.04.10"]
[WhiteTeam "Team 3"]
[BlackTeam "Team 2"]

1. e4 e5 2. Nf3 Nf6 3. Nxe5 d6 4. Nf3 Nxe4 5. d4 d5 6. Bd3 Bd6 7. O-O O-O 8. c4
c6 9. Re1 Bf5 10. Qb3 Qd7 11. Nc3 Nxc3 12. Bxf5 Qxf5 13. bxc3 b6 14. cxd5 Qxd5
15. c4 Qf5 16. Ba3 Bxa3 17. Qxa3 Nd7 18. Qd6 Rac8 19. Re7 Rfd8 20. Rae1 Nf8 21.
Qa3 a5 22. Qb2 Ng6 23. R7e3 b5 24. Qe2 h6 25. g3 Kh7 26. h4 bxc4 27. Qxc4 c5
28. dxc5 Rxc5 1/2-1/2

[Event "New York GM"]
[Site "New York USA"]
[Date "2023.04.07"]
[Round "4"]
[White "Atanasov, Anthony"]
[Black "Chasin, Nico"]
[Result "1/2-1/2"]
[WhiteElo "2368"]
[BlackElo "2442"]
[PlyCount "44"]
[EventDate "2023.04.05"]
[EventType "team"]
[EventRounds "9"]
[EventCountry "USA"]
[Source "ChessMix"]
[SourceDate "2023.04.10"]
[WhiteTeam "Team 2"]
[BlackTeam "Team 3"]

1. d4 Nf6 2. Nf3 d5 3. Bf4 e6 4. Nbd2 Bd6 5. e3 O-O 6. a3 c5 7. dxc5 Bxc5 8. c4
b6 9. Bd3 Bb7 10. O-O Nc6 11. b4 Bd6 12. Bxd6 Qxd6 13. Qc2 Rac8 14. Qb2 Ng4 15.
cxd5 Nce5 16. Qd4 Qxd5 17. Qxd5 Bxd5 18. Be4 Bxe4 19. Nxe4 Nxf3+ 20. gxf3 Ne5
21. f4 Nc4 22. Rfc1 h6 1/2-1/2

[Event "New York GM"]
[Site "New York USA"]
[Date "2023.04.07"]
[Round "5"]
[White "Song, Edward"]
[Black "Atanasov, Anthony"]
[Result "0-1"]
[WhiteElo "2389"]
[BlackElo "2368"]
[PlyCount "80"]
[EventDate "2023.04.05"]
[EventType "team"]
[EventRounds "9"]
[EventCountry "USA"]
[Source "ChessMix"]
[SourceDate "2023.04.10"]
[WhiteTeam "Team 4"]
[BlackTeam "Team 2"]

1. Nf3 d5 2. d4 Nf6 3. c4 e6 4. g3 dxc4 5. Bg2 Bb4+ 6. Bd2 a5 7. a3 Bxd2+ 8.
Nbxd2 b5 9. b3 cxb3 10. Qxb3 c6 11. O-O O-O 12. Rfc1 Ra7 13. Qb2 Nfd7 14. Ne1
Qb6 15. Nd3 Rc7 16. Rab1 Bb7 17. Qc3 Qa6 18. Ne4 Ba8 19. h4 Qb6 20. h5 h6 21.
g4 Na6 22. Nd6 a4 23. Ne4 Rd8 24. e3 c5 25. dxc5 Ndxc5 26. Nexc5 Bxg2 27. Kxg2
Nxc5 28. Nxc5 Rdc8 29. Qd4 Rxc5 30. Rxc5 Rxc5 31. Kh3 Qc6 32. Qd8+ Kh7 33. Qd3+
f5 34. Kg3 Rd5 35. Qe2 fxg4 36. Rb4 Rxh5 37. Qd3+ Rf5 38. Rf4 Qh1 39. f3 Qg1+
40. Kh4 Qh2+ 0-1

[Event "New York GM"]
[Site "New York USA"]
[Date "2023.04.08"]
[Round "6"]
[White "Atanasov, Anthony"]
[Black "Kevlishvili, Robby"]
[Result "1/2-1/2"]
[WhiteElo "2368"]
[BlackElo "2541"]
[PlyCount "48"]
[EventDate "2023.04.05"]
[EventType "team"]
[EventRounds "9"]
[EventCountry "USA"]
[Source "ChessMix"]
[SourceDate "2023.04.10"]
[WhiteTeam "Team 2"]
[BlackTeam "Team 1"]

1. d4 d5 2. Bf4 c5 3. Nf3 Nc6 4. e3 cxd4 5. exd4 Bf5 6. Nbd2 e6 7. c3 Bd6 8.
Bxd6 Qxd6 9. Nh4 Bg6 10. Nxg6 hxg6 11. h3 Nf6 12. Nf3 O-O-O 13. Bb5 Kb8 14. Qa4
Rc8 15. Bxc6 Rxc6 16. Ne5 Rc7 17. f3 Nh5 18. O-O-O Nf4 19. Rd2 f6 20. Nd3 Nxd3+
21. Rxd3 Qf4+ 22. Kb1 e5 23. Re1 Qg3 24. Re2 e4 1/2-1/2

[Event "New York GM"]
[Site "New York USA"]
[Date "2023.04.08"]
[Round "7"]
[White "Gelashvili, Tamaz"]
[Black "Atanasov, Anthony"]
[Result "1-0"]
[WhiteElo "2548"]
[BlackElo "2368"]
[PlyCount "63"]
[EventDate "2023.04.05"]
[EventType "team"]
[EventRounds "9"]
[EventCountry "USA"]
[Source "ChessMix"]
[SourceDate "2023.04.10"]
[WhiteTeam "Team 1"]
[BlackTeam "Team 2"]

1. Nf3 d5 2. e3 Nf6 3. c4 e6 4. d4 c5 5. cxd5 exd5 6. Bb5+ Bd7 7. Bxd7+ Nbxd7
8. dxc5 Nxc5 9. O-O Be7 10. Nc3 O-O 11. b3 Rc8 12. Bb2 Qd7 13. Ne2 Rfd8 14. h3
Qe6 15. Nfd4 Qa6 16. Nf4 Nce4 17. Qe2 Qxe2 18. Nfxe2 g6 19. Rac1 a6 20. Rfd1
Kf8 21. Nf4 Ke8 22. f3 Rxc1 23. Rxc1 Nc5 24. Rd1 Kd7 25. Nde2 Kc6 26. Rc1 Kb5
27. a4+ Kb6 28. a5+ Kxa5 29. Bxf6 Bxf6 30. Rxc5+ Kb4 31. Rc7 b5 32. Nd3+ 1-0

[Event "New York GM"]
[Site "New York USA"]
[Date "2023.04.09"]
[Round "8"]
[White "Atanasov, Anthony"]
[Black "Korley, Kassa"]
[Result "1/2-1/2"]
[WhiteElo "2368"]
[BlackElo "2468"]
[PlyCount "128"]
[EventDate "2023.04.05"]
[EventType "team"]
[EventRounds "9"]
[EventCountry "USA"]
[Source "ChessMix"]
[SourceDate "2023.04.10"]
[WhiteTeam "Team 2"]
[BlackTeam "Team 4"]

1. d4 d5 2. Bf4 c5 3. Nf3 Nc6 4. e3 Nf6 5. Nbd2 Nh5 6. Be5 e6 7. c4 cxd4 8.
Nxd4 Nxe5 9. Qxh5 Nxc4 10. Nxc4 dxc4 11. Bxc4 Bb4+ 12. Ke2 O-O 13. a3 g6 14.
Qf3 Bc5 15. Qe4 Bxd4 16. Qxd4 Qxd4 17. exd4 b6 18. Rac1 Bb7 19. f3 Rad8 20. Ke3
Rfe8 21. Rhd1 Re7 22. g3 h5 23. h4 Kg7 24. f4 f6 25. Bb3 Bd5 26. Bxd5 Rxd5 27.
Ke4 Red7 28. Rc6 Kf7 29. Kf3 Ke7 30. Ke4 Rb5 31. b4 a5 32. Rb1 Rbd5 33. Rd1
axb4 34. axb4 Rb5 35. Rb1 Ra7 36. Kd3 Kd7 37. Rc3 Ra4 38. Kc4 Rd5 39. Rbc1 Ra7
40. Kd3 Rb5 41. Kc4 Rf5 42. Kd3 g5 43. hxg5 fxg5 44. Ke4 Rb5 45. fxg5 Rxg5 46.
Rf1 Kd6 47. Rf8 Rg4+ 48. Rf4 Rg5 49. Rf8 Rg4+ 50. Rf4 Rxf4+ 51. gxf4 Rc7 52.
Rh3 Rh7 53. Rh4 b5 54. f5 exf5+ 55. Kxf5 Kd5 56. Kg6 Rh8 57. Kg7 Rb8 58. Rxh5+
Kxd4 59. Rc5 Rb6 60. Kf7 Rd6 61. Rxb5 Kc4 62. Rb7 Rd5 63. b5 Rxb5 64. Rxb5 Kxb5
1/2-1/2